000 00414 a2200157 4500
001 151157
040 _cEscola São Tomás de Aquino
100 _aBODENBURG, Angela Sommer
240 1 0 _aO pequeno vampiro no vale das lamentações
_lpor
245 1 0 _aO pequeno vampiro no vale das lamentações
300 _a113
362 0 _a1997
440 1 _aMartins Fontes
697 _a*LITERATURA JUVENIL
942 _cBK
999 _c151157
_d151157